Star Wars Planets 3 - Statistics

General Stats
  • This quiz has been taken 8 times
  • The average score is 10 of 15
Answer Stats
Hint Answer % Correct
sounds like tatooine dantooine
100%
darth maul is from here dathomir
100%
HQ of the resistance D'Qar
100%
galen erso dies here eadu
100%
aayla secura dies here felucia
100%
hondo florrum
100%
mandalorian moon concord dawn
75%
capital of the new republic hosnian prime
75%
"The Gathering" takes place here ilum
75%
mineral planet crait
50%
laser field surrounded it Iego
50%
actual birthplace of darth maul* iridonia
50%
jedi halsey and knox die here devaron
25%
home to kit fisto glee anselm
25%
home of saesee tiin iktotchon
0%
No matching quizzes found
Score Distribution
Percent of People with Each Score
Percentile by Number Answered
Your Score History
You have not taken this quiz